| 000 | 00472nam a2200145 4500 | ||
|---|---|---|---|
| 001 | 120958 | ||
| 003 | ES-MaACL | ||
| 007 | t| | ||
| 008 | 070214s1913 xxk r ||||1| eng d | ||
| 245 | 0 | 4 |
_aThe first and second prayer-books of Edward the Sixth / _cintroduction by Edgar C. S. Gloucester. |
| 260 |
_aLondon : _bLetchworth : _bThe Temple Press, _c1913. |
||
| 300 |
_aXVI, 463 p. ; _c18 x 11 cm. |
||
| 700 | 1 |
_aGloucester, Edgar C. S. _957451 |
|
| 852 |
_aES-MaACL _jG-14697 |
||
| 999 |
_c120958 _d120958 |
||